000 00510nam a2200193Ia 4500
003 OSt
005 20250314152440.0
008 210210b1964 xxu||||| |||| 00| 0 eng d
040 _cAL
041 _ahin
082 _a861/35
100 _aDEEP SHIKSHA Ed
_9206441
110 _bदीप शिक्षा
_9206442
245 _aKavita ratna:
_bकविता रत्ना
260 _aIllahabad
_bJnanoday Prakashan
_c1964
690 _aHindi Poetry
_9206445
906 _a023056
942 _2ddc
_cBK
999 _c147941
_d147941